Công báo /

Guardat en:
Dades bibliogràfiques
Autor corporatiu: Văn phòng Chính phủ
Format: Revista
Idioma:Vietnamese
Publicat: H. : Văn phòng Chính phủ,
Matèries:
Etiquetes: Afegir etiqueta
Sense etiquetes, Sigues el primer a etiquetar aquest registre!
Thư viện lưu trữ: Thư viện Trường Đại học Đà Lạt
LEADER 00645nam a2200265 4500
001 DLU030024010
040 # # |a DLU  |b vie 
041 # # |a vie 
245 # # |a Công báo /  |c Văn phòng Chính phủ 
260 # # |a H. :  |b Văn phòng Chính phủ, 
300 # # |a v. ;  |c 30 cm 
653 # # |a Công báo 
653 # # |a Văn bản chính phủ 
653 # # |a Văn bản nhà nước 
653 # # |a Văn bản pháp quy 
710 # # |a Văn phòng Chính phủ 
992 # # |a 0 
994 # # |a DLU 
900 # # |a True 
911 # # |a Nguyễn Thị Hồng Lê 
925 # # |a G 
926 # # |a A 
927 # # |a TT 
980 # # |a Thư viện Trường Đại học Đà Lạt